000 00525nam a2200217Ia 4500
003 OSt
005 20221007111622.0
006 a|||||r|||| 00| 0
007 ta
008 221006b |||||||| |||| 00| 0 eng d
024 _a23,929
037 _cTextual
040 _aLCO
_cLCO
_beng
041 _2eng
_aeng
245 0 _aWakf Act, 1954 with Short Notes
260 _aLucknow
_bEastern Book Company India
_c1991
300 _a66
650 _aWAKF ACT
_9708419
942 _cTEXL
999 _c1193492
_d1193492